States by Last Letter Quiz Stats

Quiz Updated Oct 27, 2016

Challenge
Share
Tweet
Embed
Score 0/12 Timer 01:00
3 Plays Today
LAST Letter State % Correct
AAlabama...
99.6%
EDelaware, Maine, New Hampshire, Tennessee
80.7%
DMaryland, Rhode Island
72%
IHawaii, Mississippi, Missouri
65.5%
OColorado, Idaho, New Mexico, Ohio
64.5%
SArkansas, Illinois, Kansas, Massachusetts, Texas
58.8%
NMichigan, Oregon, Washington, Wisconsin
47.5%
YKentucky, New Jersey
45.5%
GWyoming
41.6%
KNew York
36.5%
HUtah
35.9%
TConnecticut, Vermont
34.9%

You're not logged in!

Compare scores with friends on all Sporcle quizzes.
Join for Free
OR
Log In

You Might Also Like...

Show Comments

Extras

Top Quizzes Today


Score Distribution

Your Account Isn't Verified!

In order to create a playlist on Sporcle, you need to verify the email address you used during registration. Go to your Sporcle Settings to finish the process.

Report this User

Report this user for behavior that violates our Community Guidelines.

Details: